<The> George Washington international law review

Salvato in:
Dettagli Bibliografici
Natura: Periodico
Lingua:inglese
Pubblicazione: Washington George Washington University 2008
Soggetti:
Tags: Aggiungi Tag
Nessun Tag, puoi essere il primo ad aggiungerne!!

MARC

LEADER 00000nas2a2200000 4500
001 0147718
005 20120213105346.6
041 0 |a eng 
044 |a US 
245 1 0 |a <The> George Washington international law review 
264 1 |a Washington  |b George Washington University  |c 2008 
773 0 |w eu_un_cat*s124340 
610 2 0 |a právo obchodné